Pädagogische, didaktische und logopädische Winke für Lehrer an Sonderklassen für sprachkranke Kinder. (Record no. 20547)
[ view plain ]
| 000 -LEADER | |
|---|---|
| fixed length control field | 00831cam a22002291 4500 |
| 001 - CONTROL NUMBER | |
| control field | e 22000450 |
| 003 - CONTROL NUMBER IDENTIFIER | |
| control field | DLC |
| 005 - DATE AND TIME OF LATEST TRANSACTION | |
| control field | 20260227111213.0 |
| 008 - FIXED-LENGTH DATA ELEMENTS--GENERAL INFORMATION | |
| fixed length control field | 820607s1920 gw a b 000 0 ger c |
| 010 ## - LIBRARY OF CONGRESS CONTROL NUMBER | |
| LC control number | e 22000450 |
| 040 ## - CATALOGING SOURCE | |
| Original cataloging agency | Library, U.S. Bur. of Education |
| Transcribing agency | DLC |
| Modifying agency | DLC |
| 043 ## - GEOGRAPHIC AREA CODE | |
| Geographic area code | e-gx--- |
| 050 00 - LIBRARY OF CONGRESS CALL NUMBER | |
| Classification number | LC4696.G3 |
| Item number | R7 |
| 100 1# - MAIN ENTRY--PERSONAL NAME | |
| Personal name | Rothe, Karl Cornelius, |
| Dates associated with a name | 1879-1932. |
| 245 10 - TITLE STATEMENT | |
| Title | Pädagogische, didaktische und logopädische Winke für Lehrer an Sonderklassen für sprachkranke Kinder. |
| Statement of responsibility, etc. | Von Karl Cornelius Rothe ... |
| 260 ## - PUBLICATION, DISTRIBUTION, ETC. | |
| Place of publication, distribution, etc. | Langensalza, |
| Name of publisher, distributor, etc. | H. Beyer & Söhne, |
| Date of publication, distribution, etc. | 1920. |
| 300 ## - PHYSICAL DESCRIPTION | |
| Extent | 26 p. |
| Other physical details | tables. |
| Dimensions | 25 cm. |
| 440 #0 - SERIES STATEMENT/ADDED ENTRY--TITLE | |
| Title | Beiträge zur Kinderforschung und Heilerziehung, |
| Volume/sequential designation | Hft. 168 |
| 504 ## - BIBLIOGRAPHY, ETC. NOTE | |
| Bibliography, etc. note | "Literatur-Übersicht": p. 25-26. |
| 650 #0 - SUBJECT ADDED ENTRY--TOPICAL TERM | |
| Topical term or geographic name entry element | Slow learning children. |
| 650 #0 - SUBJECT ADDED ENTRY--TOPICAL TERM | |
| Topical term or geographic name entry element | Slow learning children |
| Geographic subdivision | Germany. |
No items available.